000 00395nam a22001577a 4500
003 OSt
005 20220111104003.0
008 220111b |||||||| |||| 00| 0 eng d
020 _a0070583714
040 _cH.U
082 _a005.1
100 _aJawadekar
_925021
245 _aSoft Ware Engineering Principles & Practice
260 _aNew Delhi
_bTata McGraw Hill
_c2004
942 _2ddc
_cBOOKS
_n0
999 _c26480
_d26480